MARC

LEADER 00000nam a2200000 a 4500
005 20111201141536.0
007 cr|||| ||||
008 110218s2010 spc 000 0 spa c
017 |a DL SE. 8647-2010 
020 |a 9788476989531 
035 |a 6028 
040 |d vLex 
043 |a e-sp--- 
080 |a 342.738 
090 |c 2810  |d 2810 
100 1 |a Roig Batalla, Antoni 
245 1 0 |a Derechos fundamentales y tecnologa̕s de la informacin̤ y de las comunicaciones (TICs)  |h [Recurso electrn̤ico] /  |c Antoni Roig 
256 |a Servicio en ln̕ea 
260 |a Barcelona :  |b Jose Mara̕ Bosch,  |c 2010 
300 |a 1 recurso electrn̤ico 
505 8 |a Contiene: I. Planteamiento general; II. La navegacin̤ por Internet y el correo electrn̤ico laboral y sindical; III. El derecho a la intimidad y la retencin̤ de los datos de las comunicaciones electrn̤icas; IV. El derecho a la intimidad y las etiquetas de radiofrecuencia (RFID); V. Privacidad y redes sociales; VI. Intimidad y Administracin̤ electrn̤ica; VII. Privacidad y DRM (Digital Rights Management); VIII. La libertad de expresin̤ en Internet y el anonimato; IX. Conclusiones generales. 
505 8 |a Incluye: Privacy enhancing technologies (PET's) 
506 1 |a Contenido solo disponible en los productos indicados  |d vLex Global   |d vLex Global (Academic Edition, excluding Law Schools)   |d vLex Global (U.S. Academic Edition, Law Schools)   |d vLex Global (U.S. Academic Edition, excluding Law Schools)   |d vLex Global (Academic Edition, Law Schools)  
650 0 4 |a Redes sociales en ln̕ea  |z Espaą 
650 0 4 |a Tecnologa̕ de la informacin̤  |z Espaą 
650 0 4 |a Derechos civiles  |z Espaą 
650 0 4 |a Proteccin̤ de datos  |z Espaą 
650 0 4 |a Correo electrn̤ico  |z Espaą 
650 0 4 |a Sindicatos  |x Derecho y legislacin̤  |z Espaą 
650 0 4 |a Derecho a la intimidad  |z Espaą 
650 0 4 |a Trabajadores  |z Espaą 
650 0 4 |a Secreto de las comunicaciones  |z Espaą 
650 0 4 |a Sistemas de identificacin̤ por radiofrecuencia  |z Espaą 
650 0 4 |a Administracin̤ electrn̤ica  |z Espaą 
650 0 4 |a Libertad de expresin̤  |z Espaą 
650 0 4 |a Internet  |x Derecho y legislacin̤  |z Espaą 
740 0 |a vLex Libros (Servicio en ln̕ea) 
830 0 |a Cuadernos de derecho constitucional ;  |v 2 
856 4 0 |u http://vlex.com/source/derechos-fundamentales-tecnologias-informacion-comunicaciones-6028  |z Acceso restringido 
942 |c BOOK 
999 0 |a Constitutional law 
999 0 |a Information technology